00498nam a2200181Ia 450000500170000000800410001702000150005808200210007324500690009426000390016330000160020265000130021865000140023165000150024565000170026070000190027770000200029620250213053246.0240331s9999 xx 000 0 und d a0415056284 bSAY21140a305.4 0aSocialism, Feminism and Philosophy:bA Radical Philosophy Reader aLondon;aNew YorkbRoutledgec1990 aix, 306 p., aFeminsim aSocialism aPhilosophy aHuman Nature aSayers, Seedt aOsborne, Peedt